Récapitulatif de mes quiz #5 - Statistiques

Statistiques générales
  • Ce quiz a été pris 36 fois
  • Le résultat moyen est 48 sur 100
Statistiques - réponses
Hint Réponse % Correct
Chanteurs S - {Stromae}
97%
B Couvre-chef, ou une éponge de dessin animé Bob
93%
#2 Albert Einstein
86%
#4 BIMAB Bambi
86%
Bonhommes de neige de fiction en images La Reine des Neiges
83%
Films Harry Potter - Mort Subite L'Ordre de Dumbledore La Pièce des secrets Le Prisonnier d'Azkaban Le Prisonnier d'Azkaban
83%
Personnages Harry Potter - Mort Subite Edward Cullen Luna Lovegood Eddie Munson Luna Lovegood
83%
Uncharted ou Tomb Raider Lara Croft Tomb Raider
83%
Films BNVN CHZ LS CH'TS Bienvenue chez les Ch'tis
79%
Christmas Flags Brazil
79%
Parties du corps DGT Doigt
79%
A Chaîne de magasin de meubles en kit Ikea
79%
#2 Course à pied sur route d'une distance de 42,195 kilomètres Mara{thon}
79%
Animaux VCH Vache
79%
Récapitulatif de mes quiz #5 Valeur du plus gros billet en Euro 500
76%
Films James Bond - Mort Subite Bon Baisers de Rio L'Espion au pistolet d'or Casino Royale Casino Royale
76%
#1 Cristiano Ronaldo
76%
Films de Noël - Mort Subite Les Cinq Légendes Intouchables Les Goonies Les Cinq Légendes
76%
Angels Qui volera de ses propres _____ ailes
72%
#1 Abeille Cigale Hamster Cigale
66%
Liste des Gendarmes de Saint-Tropez - Mort Subite Cruchot Pithivier Michonnet Cruchot
66%
Casper et ses amis Le p'tit _______ fantôme
66%
Champions de League of Legends - Mort Subite Eivor Sombra Jinx Jinx
66%
#3 Crapaud Lièvre Escargot Lièvre
66%
#2 Lion Biche Castor Lion
66%
Oeuvres de William Shakespeare - Mort Subite Les Amants confondus Pumbaa d'Athènes Roméo et Juliette Roméo et Juliette
66%
Type Eau Ouistempo Abra Amphinobi Amphinobi
62%
Type Sol Bacabouh Leveinard Pachirisu Bacabouh
62%
Bienvenue chez les Loud Des couches qui sentent pas très ___ bon
62%
Type Plante Mammochon Bibichut Bulbizarre Bulbizarre
62%
2ème génération Embrylex Ponyta Venalgue Embrylex
62%
Dad'X L'automne, l'hiver, l'___ été
62%
Type Spectre Sonistrelle Fantominus Ohmassacre Fantominus
62%
Type Acier Écrapince Ferdeter Snubbull Ferdeter
62%
Formes régionales Mushana Brutalibré Galopa Galopa
62%
Type Normal Briochien Kangourex Chacripan Kangourex
62%
Type Psy Mentali Barbicha Vrombi Mentali
62%
Méga-Évolutions #1 Rexillius Leuphorie Mewtwo Mewtwo
62%
6ème génération Guérilande Dimoret Nymphali Nymphali
62%
Type Électrik Corvaillus Froussardine Pikachu Pikachu
62%
Type Combat Tygnon Roublenard Malosse Tygnon
62%
Babar C'est si beau la ___ vie
62%
3ème génération Braségali Miraidon Girafarig Braségali
59%
Raiponce J'ai le vent dans les _______ cheveux
59%
5ème génération Famignol Furaiglon Fouinette Furaiglon
59%
Les Rougon-Macquart - Mort Subite Les Filles en fleurs L'Homme révolté Germinal Germinal
59%
4ème génération Yanma Bourrinos Lucario Lucario
59%
Yakari Petit-Tonnerre vif comme l'______ éclair
55%
Kilari Lorsque je t'ai vu pour la ________ fois première
55%
Aladdin ______, ouvre-toi ! Sésame
55%
L'Apprenti Père Noël Il ne peut y en avoir qu'__ un
55%
Les Épées Méga-Magiques Vous donnent la chair de _____ poule
52%
Trombinoscope Pokemon #2 Dracaufeu
48%
Le Collège Fou Fou Fou Où tout le _____ est fou monde
48%
Les Trois Mousquetaires Un pour tous et tous pour __ un
48%
Non-Non Je me pose des _________ questions
45%
Beyblade Je vais fendre l'___ air
41%
Dans les Alpes avec Annette Avec des ____ c'est chouette amis
41%
Le Monde Secret du Père Noël Je ne t'écris qu'une fois dans l'_____ année
41%
Animation #3 Billy, Le Chef de train, Le Père Noël Le Pôle Express
41%
Judo Boy Un jour tu seras plus ____ fort
38%
Fanboy et Chum Chum Un peu casse-cou, totalement ___ fou
38%
La Bande à Dingo C'est la joie, la bonne ______ humeur
38%
Les Mondes Engloutis Jusqu'au creux de la _____ Terre
38%
Emi Magique Jolie Maï est une jeune _____ fille
34%
Rekkit Le fantastique lapin _______ magique
34%
64, rue du zoo Rue des _______ animaux
31%
Signé Cat's Eyes Savent bondir sans un _____ bruit
31%
Agatha All Along - Ballade de la Route des Sorcières Retrouvez la route du ciel et de l'_____ enfer
31%
Charlotte aux Fraises Une personne des plus ________ gentille
31%
Go Diego Au coeur de la ______ jungle
31%
Léo et Popi Maman a préparé un bon _____-_______ petit-déjeuner
31%
Hôpital Hilltop Toute l'équipe est là pour ___ toi
31%
Les Contes de la Rue Broca Une fée met les doigts dans son ___ nez
28%
Goldorak Ce chevalier des _____ nouveaux temps
28%
Le Tour du monde en 80 jours Je suis Phileas ____ et en 80 jours Fogg
24%
Gormiti Ensemble nous sommes ___________ invincibles
24%
100% Loup Mais quand la ____ vient nuit
24%
Bibifoc T'es l'roi des _______ phoques
24%
Tic et Tac, les rangers du risque Plongent à votre _______ secours
24%
Détective Conan C'est le sort qu'on lui a ____ jeté
21%
Ridley Jones Dans un endroit plein de ________ mystères
21%
Répliques de Louis de Funès Je demande un volontaire... pour se mettre tout nu au milieu des nudistes. Le Gendarme de Saint-Tropez
17%
JetPunkers RVSSR Ravisseur
17%
Digimon Tu es le ________ champion
14%
Le Petit Lord Alors il faut y ______ croire
14%
Hercule Qui sonne le glas des ___________ ? gladiateurs
14%
The Witcher - Jette un sou au Sorceleur Ami de l'________ Humanité
14%
Fruits Basket Jusqu'au soleil du _____ qui la réchauffa matin
14%
Le Donjon de Naheulbeuk - Mon Ancêtre Gurdil Nous sommes les nains sous la ________ montagne
14%
Boumbo ______ automobile (bile) Petite
14%
SheZow Il met l'______ et aussitôt anneau
10%
Le Seigneur des Anneaux - Chant de Pippin La maison est ________ derrière
10%
Caillou C'est moi le grand ______ garçon
10%
Astérix - Le Pudding à l'Arsenic Et un peu de _______ vitriol
10%
Les Babalous Venez vite, ce soir c'est l'________ aventure
7%
Les Snorky Si je pouvais vous en faire un _______ croquis
7%
Sonic le rebelle De retrouver leur ____ mère
7%
Hamster et Gretel Et aussi Kevin dans son _______ minivan
7%
Cosmocats Qui avez tous les ________ pouvoirs
7%
Aucun quiz correspondant
Distribution des résultats
% des personnes avec chaque résultat
Percentile par nombre de réponses
Votre historique - résultats
Vous n’avez pas pris ce quiz